| Tag |
First Indicator |
Second Indicator |
Subfields |
| LEADER |
00000cam a2200000Ma 4500 |
| 001 |
in00002401621 |
| 005 |
20210810091055.0 |
| 006 |
m | d | |
| 007 |
cr cn|||||||||||||||||| |
| 008 |
060913s2006 gw a sb 001 0 eng d |
| 020 |
|
|
|a 3527312803 (print ed.)
|
| 020 |
|
|
|a 3527608982 (electronic bk.)
|
| 020 |
|
|
|a 9783527312801 (print ed.)
|
| 020 |
|
|
|a 9783527608980 (electronic bk.)
|
| 029 |
0 |
|
|a DG1
|b jws02609554
|
| 035 |
|
|
|a (OCoLC)85820794
|
| 035 |
|
|
|a (OCoLC)ocm85820794
|
| 040 |
|
|
|a DG1
|c DG1
|d BAKER
|d OKU
|d UtOrBLW
|
| 049 |
|
|
|a TEFA
|
| 050 |
|
4 |
|a TP248.C94
|b C93 2006
|
| 082 |
0 |
4 |
|a 547.78
|2 22
|
| 090 |
|
|
|a TP248.C94
|b C95 2006eb
|
| 245 |
0 |
0 |
|a Cyclodextrins and their complexes :
|b chemistry, analytical methods, applications /
|c edited by Helena Dodziuk.
|
| 264 |
|
1 |
|a Weinheim :
|b Wiley-VCH,
|c [2006]
|
| 264 |
|
4 |
|c ©2006
|
| 300 |
|
|
|a xvii, 489 pages :
|b illustrations (some color) ;
|c 25 cm.
|
| 336 |
|
|
|a text
|b txt
|2 rdacontent
|
| 337 |
|
|
|a computer
|b c
|2 rdamedia
|
| 338 |
|
|
|a online resource
|b cr
|2 rdacarrier
|
| 500 |
|
|
|a Electronic resource.
|
| 504 |
|
|
|a Includes bibliographical references and index.
|
| 505 |
0 |
|
|a Molecules with holes : cyclodextrins / Helena Dodziuk -- Modification reactions of cyclodextrins and the chemistry of modified cyclodextrins / Kenjiro Hattori and Hiroshi Ikeda -- Polymers involving cyclodextrin moieties / Akira Harada, Akihito Hashidzume, and Masahiko Miyauchi -- Cyclodextrin catalysis / Makoto Komiyama and Eric Monflier -- Chromatographic studies of molecular and chiral recognition / Monika Asztemborska and Anna Bielejewska -- The application of cyclodextrins for enantioseparations / Bezhan Chankvetadze -- Crystallographic study of cyclodextrins and their inclusion complexes / Kazuaki Harata -- Microcalorimetry / Mikhail V. Rekharsky and Yoshihisa Inoue -- NMR of cyclodextrins and their complexes / Andrzej Ejchart and Wiktor Koźmiński -- Other physiochemical methods -- Modeling of CyDs and their complexes / Helena Dodziuk -- Rotaxane and catenane structures involving cyclodextrins / Konstantina Yannakopoulou and Irene M. Mavridis -- Large-ring cyclodextrins / Haruhisa Ueda and Tomohiro Endo -- Pharmaceutical applications of cyclodextrins and their derivatives / Kaneto Uekama, Fumitoshi Hirayama and Hidetoshi Arima -- Cyclodextrins in dispersed systems / Laury Trichard, Dominique Duchêne and Amélie Bochot -- Applications other than in the pharmaceutical industry.
|
| 533 |
|
|
|a Electronic reproduction.
|b Somerset, N.J. :
|c Wiley InterScience,
|d 2006.
|n System requirements: Adobe Acrobat Reader.
|n Mode of access: World Wide Web.
|n Access limited to subscribers.
|7 s2006 njun s
|
| 650 |
|
0 |
|a Cyclodextrins.
|0 http://id.loc.gov/authorities/subjects/sh85035079
|
| 653 |
|
|
|a Analytical chemistry.
|
| 655 |
|
0 |
|a Electronic books.
|
| 700 |
1 |
|
|a Dodziuk, Helena.
|0 http://id.loc.gov/authorities/names/n95037412
|
| 710 |
2 |
|
|a John Wiley & Sons.
|0 http://id.loc.gov/authorities/names/n80083764
|
| 776 |
1 |
|
|c Original
|w (OCoLC)70397928
|z 3527312803
|
| 856 |
4 |
0 |
|u http://proxy.library.tamu.edu/login?url=https://dx.doi.org/10.1002/3527608982
|z Connect to the full text of this electronic book
|t 0
|
| 938 |
|
|
|a Baker & Taylor
|b BKTY
|c 195.00
|d 195.00
|i 3527312803
|n 0006649125
|s active
|
| 938 |
|
|
|a Wiley Subscription Services
|b WILY
|n jws02609554
|
| 994 |
|
|
|a C0
|b TEF
|
| 999 |
|
|
|a MARS
|
| 999 |
f |
f |
|s 43714a12-148d-357c-b36f-855227b2bf4c
|i 34c4ac24-f96f-3a09-91dc-754fec7d3e7f
|t 0
|
| 952 |
f |
f |
|a Texas A&M University
|b College Station
|c Electronic Resources
|d Available Online
|t 0
|e TP248.C94 C95 2006eb
|h Library of Congress classification
|
| 998 |
f |
f |
|a TP248.C94 C95 2006eb
|t 0
|l Available Online
|